1227 1346 1771 1373 1686 1876 1623 1812 1091 1249 1368 1019 1237 1991 1016 1381 1758 1240 1458 1994 1795 1784 1770 1478 1596 1424 1986 1166 1788 1706 1058 1048 1814 1345 1902 1416 1207 1113 1795 1838 1319 1353 1706 1528 1676 1298 1320 1551 1635 1407 1234 1233 1021 1419 1939 1206 1518 1563 1079 1717 1325 1490 1361 1781 1937 1532 1009 1612 1111 1848 1287 1308 1614 1029 1962 1449 1762 1933 1980 1117 1900 1086 1414 1940 1729 1575 1841 1821 1753 1148 1597 1001 1537 1480 1647 1433 1246 1455 1217 BCNSPRNW ULIB Ver.6.0+V

เปลี่ยนเป็นภาษาไทย

Change to English
 แสดงรายละเอียดบรรณานุกรม
  กลับหน้าหลัก

Brief Record : Get Marc (ISO 2709) : E-mail record : QR code < ปิดหน้าต่าง
LEADER : 00000nam 2200000uu 4500
001    13399120892
003     ULIB
008    080317s2550 th a 000 0 tha d
020    ^a9789748485737
040    ^acl
050  4 ^aDS569^bส941ว 2550
100 0  ^aสมรักษ์ ชัยสิงห์กานานนท์
245 10 ^aวัฒนธรรม ความตาย กับความหลากหลายทางชาติพันธุ์ :^bมอญ โซ่งกะเหรี่ยง ม้ง เย้า /^cสมรักษ์ ชัยสิงห์กานานนท์, สรินยาคำเมือง, อธิตา สุนทโรทก
250    ^aพิมพ์ครั้งที่
260    ^aกรุงเทพฯ :^bสำนักวิจัยสังคมและสุขภาพ (สวสส.),^c2550
300    ^avii, 184หน้า :^bภาพประกอบ ;^c30 ซม.
650  4 ^aกลุ่มชาติพันธุ์
650  4 ^aกลุ่มชาติพันธุ์^xผู้ป่วย^xการดูแล
650  4 ^aไทย^xความเป็นอยู่และประเพณี
650  4 ^aมอญ^xความเป็นอยู่และประเพณี
650  4 ^aโซ่ง^xความเป็นอยู่และประเพณี
650  4 ^aกะเหรี่ยง^xความเป็นอยู่และประเพณี
650  4 ^aม้ง^xความเป็นอยู่และประเพณี
650  4 ^aเย้า^xความเป็นอยู่และประเพณี
650  4 ^aชาวเขา^xพิธีศพ
650  4 ^aชนกลุ่มน้อย
700 0  ^aสรินยา คำเมือง
700 0  ^aอธิตา สุนทโรทก
945    ^p120^l0^i14987
995    ^aกัณชพร
999    ^aกัณชพร
รายการนี้ยังไม่มีแท็ก
คุณยังไม่ได้ล็อกอิน คุณสามารถมีกิจกรรมร่วมกับเว็บไซต์ได้ แต่ต้องล็อกอินก่อน ::
  ล็อกอิน

รายการสื่อสารสนเทศ

ลำดับที่ ประเภท เลขเรียก/บาร์โค้ด สถานที่ สถานะ
1. วิทยาศาสตร์การแพทย์ และสุขภาพ
วิทยาศาสตร์การแพทย์ และสุขภาพ
DS569 ส941ว 2550  
  Barcode: 14987
ห้องสมุดวิทยาเขตสวรรค์ประชารักษ์
►หนังสือทั่วไป
บนชั้น

รายการใกล้เคียง
    ผู้แต่ง [สมรักษ์ ชัยสิงห์กานานนท์]

    หัวเรื่อง [กลุ่มชาติพันธุ์]
    หัวเรื่อง [ชนกลุ่มน้อย]

BibComment


ยังไม่เคยถูกคอมเมนท์

คอมเมนท์ทรัพยากรรายการนี้
  คอมเมนท์: วัฒนธรรม ความตาย..


 Copyright 2026. Bcnsprnw @Library